00556nam a2200133Ia 4500008004100000100002800041245011500069260004600184300001800230650001300248856006900261999001900330952007300349160712s9999 xx 000 0 und d aSan Juan Jr., Epifanio. cEpifanio San Juan, Jr.aKahulugan, Katotohanan, Katwiran: Pagpapakilala sa Semiotika ni Charles Sanders Peirce c2013bDaluyan: Journal ng Wikang Filipino avol. 19 no. 1 xFILIPINO uhttp://journals.upd.edu.ph/index.php/djwf/issue/view/385/showToc c297296d297296 001040aCLbCLd2016-07-12l0r2016-07-12 00:00:00w2016-07-12yFEJ